| 000 | 00407nam a22001217a 4500 | ||
|---|---|---|---|
| 999 |
_c9963 _d9963 |
||
| 003 | OSt | ||
| 008 | 201217b ||||| |||| 00| 0 eng d | ||
| 245 | _aInternational Journal of Information Dissemination and Technology | ||
| 250 | _a2011(Oct-Dec Vol.1 No.4) 2012(Jul-Sep Vol.2 No.3) | ||
| 260 |
_aAmbala, Haryana _bMaharishi Markandeshwar University |
||
| 650 | _aComputer Science Engineering | ||
| 942 |
_2ddc _cBV |
||